[Event "EU-Cup 39th"]
[Site "Vrnjacka Banja"]
[Date "2024.10.20"]
[Round "1.1"]
[White "Alsina Leal, Daniel"]
[Black "Mastrovasilis, Dimitrios"]
[Result "1/2-1/2"]
[WhiteElo "2474"]
[BlackElo "2532"]
[PlyCount "141"]
[EventDate "2024.10.20"]
[EventType "team-swiss"]
[EventRounds "7"]
[EventCountry "SRB"]
[SourceTitle "CB44_2024"]
[Source "Chessbase"]
[SourceDate "2024.10.30"]
[SourceVersion "1"]
[SourceVersionDate "2024.10.30"]
[SourceQuality "1"]
[WhiteTeam "White Rose"]
[BlackTeam "Kavala"]
[WhiteTeamCountry "ENG"]
[BlackTeamCountry "GRE"]

1. e4 e5 2. Nf3 Nc6 3. Bb5 a6 4. Ba4 Bc5 5. c3 Nge7 6. d4 exd4 7. cxd4 Bb4+ 8. Bd2 Bxd2+ 9. Qxd2 d5 10. exd5 Nxd5 11. Bxc6+ bxc6 12. 0-0 0-0 13. Nc3 Nxc3 14. Qxc3 Be6 15. Qxc6 Bd5 16. Qc3 Bxf3 17. Qxf3 Qxd4 18. b3 Rad8 19. Qc6 Qb6 20. Qc3 Rd6 21. Rac1 Rfd8 22. Qxc7 Qxc7 23. Rxc7 Rd2 24. a4 Rb2 25. Rc3 g6 26. g3 Rb8 27. Rd1 R2xb3 28. Rxb3 Rxb3 29. Rd6 a5 30. Rd5 Ra3 31. Rxa5 h5 32. h4 Kg7 33. Ra8 Kf6 34. a5 Ke5 35. a6 Kf5 36. Kf1 Ra2 37. Kg2 Ra3 38. Kf1 Ra2 39. Kg2 Ra3 40. Ra7 Ke6 41. Kf1 Ra2 42. Ke1 Kf6 43. f3 Ra3 44. Kf2 Ke6 45. Ke2 Kf6 46. Ra8 Kf5 47. a7 Kf6 48. Kd2 Kg7 49. Kc2 Kf6 50. Kb2 Ra6 51. Kb3 Ra1 52. Kc4 Kg7 53. Kd5 Rd1+ 54. Ke4 Ra1 55. Kd4 Rd1+ 56. Kc3 Ra1 57. g4 hxg4 58. fxg4 Ra6 59. h5 gxh5 60. gxh5 Ra4 61. h6+ Kh7 62. Kb3 Ra1 63. Kc4 f5 64. Kd4 f4 65. Ke4 f3 66. Kxf3 Ra4 67. Ke3 Ra1 68. Kd4 Ra2 69. Kc5 Ra1 70. Kb6 Rb1+ 71. Kc6 1/2-1/2

[Event "Montesilvano Adriatico op 28th"]
[Site "Montesilvano"]
[Date "2024.09.13"]
[Round "7"]
[White "Carnicelli, Valerio"]
[Black "Alsina Leal, Daniel"]
[Result "1-0"]
[WhiteElo "2394"]
[BlackElo "2487"]
[PlyCount "125"]
[EventDate "2024.09.08"]
[EventType "swiss"]
[EventRounds "9"]
[EventCountry "ITA"]
[SourceTitle "EXT 2025"]
[Source "ChessBase"]
[SourceDate "2024.10.14"]
[SourceVersion "1"]
[SourceVersionDate "2024.10.14"]
[SourceQuality "1"]

1. e4 c5 2. Nf3 d6 3. d4 cxd4 4. Nxd4 Nf6 5. Nc3 a6 6. Be2 e5 7. Nf3 Be7 8. Bg5 Nbd7 9. a4 h6 10. Be3 Ng4 11. Bc1 Ngf6 12. Be3 Ng4 13. Bc1 0-0 14. Nd2 Ngf6 15. 0-0 Nc5 16. b4 Ne6 17. Nd5 Nxd5 18. exd5 Nf4 19. Nc4 Nxe2+ 20. Qxe2 Bd7 21. Be3 b5 22. Nb6 Rb8 23. axb5 Rxb6 24. Bxb6 Qxb6 25. bxa6 Bb5 26. Qe3 Qc7 27. a7 Ra8 28. c4 Bg5 29. Qb3 Qxc4 30. Qxc4 Bxc4 31. b5 Bd8 32. Rfc1 Bxb5 33. Rcb1 Bb6 34. Rxb5 Rxa7 35. Rxa7 Bxa7 36. Rb7 Bc5 37. g4 g6 38. Kg2 Kg7 39. Rd7 Kf6 40. h4 h5 41. g5+ Kg7 42. Rd8 f5 43. Rd7+ Kf8 44. f3 Bb4 45. Kf2 Bc5+ 46. Ke2 Bb4 47. Kd3 Bc5 48. Kc4 Ba3 49. Kb3 Bc5 50. Ka4 e4 51. fxe4 fxe4 52. Kb3 e3 53. Kc2 e2 54. Kd2 Bf2 55. Kxe2 Bxh4 56. Rxd6 Kf7 57. Rf6+ Kg7 58. d6 Bxg5 59. Rf3 Bd8 60. d7 h4 61. Re3 h3 62. Kf1 g5 63. Re8 1-0

[Event "Barcelona Sants op 25th"]
[Site "Barcelona"]
[Date "2024.08.27"]
[Round "5"]
[White "Adan Bermudez, Sergio"]
[Black "Alsina Leal, Daniel"]
[Result "0-1"]
[WhiteElo "2304"]
[BlackElo "2493"]
[PlyCount "98"]
[EventDate "2024.08.23"]
[EventType "swiss"]
[EventRounds "10"]
[EventCountry "ESP"]
[SourceTitle "CBM 221 Extra"]
[Source "ChessBase"]
[SourceDate "2024.09.30"]
[SourceVersion "1"]
[SourceVersionDate "2024.09.30"]
[SourceQuality "1"]

1. c4 e5 2. g3 Nc6 3. Bg2 g6 4. Nc3 Bg7 5. Rb1 a5 6. a3 d6 7. b4 axb4 8. axb4 f5 9. b5 Nd4 10. e3 Ne6 11. Nge2 Nf6 12. d3 h5 13. h4 Ng4 14. d4 0-0 15. f3 Nh6 16. d5 Nc5 17. Qc2 Bd7 18. Bh3 b6 19. Bd2 Qf6 20. 0-0 g5 21. hxg5 Qxg5 22. e4 Qg6 23. Bxh6 Bxh6 24. Bxf5 Rxf5 25. exf5 Bxf5 26. Qb2 Bd3 27. Rbd1 h4 28. g4 Rf8 29. Rxd3 Qxd3 30. Qb1 Qe3+ 31. Kh2 Nd3 32. Ng1 Kg7 33. Ne4 Bf4+ 34. Kh3 Ra8 35. Qc2 Nb4 36. Qg2 Ra3 37. Kxh4 Ra2 38. Rf2 Ra8 39. g5 Rh8+ 40. Kg4 Bxg5 41. Nh3 Bd8 42. f4 Rxh3 43. Kf5+ Kf8 44. fxe5 Nd3 45. Rf1 Rh6 46. exd6 cxd6 47. Kg4+ Ke8 48. Kf5 Rh5+ 49. Ke6 Qxe4+ 0-1

[Event "ESP-chT CECLUB Div1"]
[Site "Linares"]
[Date "2024.08.18"]
[Round "1.20"]
[White "Suleymanli, Aydin Elshan"]
[Black "Alsina Leal, Daniel"]
[Result "1-0"]
[WhiteElo "2620"]
[BlackElo "2493"]
[PlyCount "93"]
[EventDate "2024.08.18"]
[EventType "team-tourn"]
[EventRounds "7"]
[EventCountry "ESP"]
[SourceTitle "CBM 221 Extra"]
[Source "ChessBase"]
[SourceDate "2024.09.30"]
[SourceVersion "1"]
[SourceVersionDate "2024.09.30"]
[SourceQuality "1"]
[WhiteTeam "Jaime Casas De Monzon"]
[BlackTeam "Barbera"]
[WhiteTeamCountry "ESP"]
[BlackTeamCountry "ESP"]

1. e4 c5 2. Nf3 Nc6 3. Bb5 g6 4. 0-0 Bg7 5. d3 d6 6. e5 Bg4 7. Bxc6+ bxc6 8. exd6 exd6 9. Nbd2 Ne7 10. h3 Bxf3 11. Nxf3 0-0 12. Re1 Qd7 13. c3 Nd5 14. Bd2 Rfe8 15. Qc2 h6 16. Rxe8+ Rxe8 17. Re1 Rxe1+ 18. Nxe1 Qe6 19. Kf1 Nb6 20. c4 Kh7 21. Bc3 Bf6 22. Qb3 d5 23. Bxf6 Qxf6 24. Qc2 Kg7 25. b3 Nd7 26. Qd2 Nf8 27. Qa5 Ne6 28. Qxa7 h5 29. Qb8 g5 30. Qd6 Qb2 31. cxd5 cxd5 32. Qxd5 Qxa2 33. h4 gxh4 34. Qxh5 Nd4 35. Qg5+ Kh7 36. Qxh4+ Kg6 37. Qg4+ Kh6 38. b4 f5 39. Qf4+ Kg6 40. Qe5 cxb4 41. Qxd4 b3 42. Nf3 b2 43. Qb6+ Kf7 44. Nd2 Qa1+ 45. Ke2 Qc1 46. Ke3 f4+ 47. Ke2 1-0